00543nam a2200193Ia 4500020001800000082001600018100002000034245005800054250000700112260004400119300001500163440003800178504005000216650000800266650002000274650001800294650001800312700001900330 a0-202-30664-X a306.7 GAG-S aGagnon, John H. 0aSexual conduct: the social sources of human sexuality aII aNew BrunswickbAldine Transactionc2005 axxvii, 348 aSocial problems and social issues aincludes bibliographical references and index aSex aSex instruction aSocialization aHomosexuality aSimon, William